00327nam a2200133Ia 4500008004100000041000800041082001500049100001400064245002900078260003700107300000900144500001700153650002300170220803s9999 xx 000 0 und d aeng a891.46 GHU aGhugale P aAsa Amacha Jivan Pravaha aPunebPruthviraj Prakashanc2007 a168p aArchitecture aMarathi Literature